Statistiken für 10 Östlichste Hauptstädte Asiens

Klicken Sie hier um das Quiz zu spielen!

Allgemein

  • Dieses Quiz wurde 115 mal gespielt
  • Das Durchschnittsergebnis liegt bei 7 aus 10

Antwortstatistiken

LängengradHauptstadt% Korrekt
139°42′OTokio
100%
116°24′OPeking
96%
126°59′OSeoul
93%
125°44′OPjöngjang
85%
120°58′OManila
83%
106°48′OJakarta
80%
121°38′OTaipeh
72%
106°55′OUlaanbaatar
47%
125°35′ODili
45%
114°57′OBandar Seri Begawan
34%

Verteilung der Resultate

Perzentil nach korrekt beantworteten Fragen

Anzahl Personen mit jedem Resultat

Ihre Resultats-Entwicklung

Sie haben dieses Quiz noch nicht gespielt